00314nam a22000977a 4500082001900000245008500019260004100104300001700145563001500162650003900177 a343.09549bPAK aPakistan criminal law journal 2022 / cEdited by Muhammad Wahaj Azhar and et all aLahore :bPakistan Law House,c2022. a3 v.c24 cm. aHardcover. aLaw, Pakistan criminal law journal